Detalles MARC
| 000 -CABECERA |
| campo de control de longitud fija |
01447nam a2200313 a 4500 |
| 001 - NÚMERO DE CONTROL |
| campo de control |
0145 |
| 003 - IDENTIFICADOR DEL NÚMERO DE CONTROL |
| campo de control |
DO-SdBPM |
| 005 - FECHA Y HORA DE LA ÚLTIMA TRANSACCIÓN |
| campo de control |
20251016104112.0 |
| 007 - CAMPO FIJO DE DESCRIPCIÓN FÍSICA--INFORMACIÓN GENERAL |
| campo de control de longitud fija |
ta |
| 008 - DATOS DE LONGITUD FIJA--INFORMACIÓN GENERAL |
| campo de control de longitud fija |
150120s2008 dr 000 spa d |
| 020 ## - NÚMERO INTERNACIONAL ESTÁNDAR DEL LIBRO |
| Número Internacional Estándar del Libro |
9789945442557 |
| 040 ## - FUENTE DE LA CATALOGACIÓN |
| Centro catalogador/agencia de origen |
DO-SdBPM |
| Lengua de catalogación |
spa |
| Centro/agencia transcriptor |
BPMSU |
| Normas de descripción |
rea |
| Centro/agencia modificador |
rda |
| 082 #4 - NÚMERO DE LA CLASIFICACIÓN DECIMAL DEWEY |
| Número de clasificación |
A863.08 |
| Número de documento/Ítem |
C965e 2008 |
| Número de edición |
22 |
| 245 00 - MENCIÓN DE TÍTULO |
| Título |
Cuentos de enredos y travesuras / |
| Mención de responsabilidad, etc. |
editora Carmen Rivera Izcoa; ilustrasión Rosario Núñez de Patruco |
| Medio |
|
| 260 ## - PUBLICACIÓN, DISTRIBUCIÓN, ETC. |
| Fecha de publicación, distribución, etc. |
|
| 264 ## - PRODUCCIÓN, PUBLICACIÓN, DISTRIBUCIÓN, FABRICACIÓN Y COPYRIGHT |
| Producción, publicación, distribución, fabricación y copyright |
Santo Domingo: |
| Nombre del de productor, editor, distribuidor, fabricante |
Editora Corripio, |
| Fecha de producción, publicación, distribución, fabricación o copyright |
2008 |
| 300 ## - DESCRIPCIÓN FÍSICA |
| Extensión |
103 pádinas : |
| Otras características físicas |
ilustración ; |
| Dimensiones |
24 cm. |
| 336 ## - TIPO DE CONTENIDO |
| Término de tipo de contenido |
texto |
| Código de tipo de contenido |
txt |
| Fuente |
rdacontent |
| 337 ## - TIPO DE MEDIO |
| Nombre/término del tipo de medio |
sin mediación |
| Código del tipo de medio |
n |
| Fuente |
rdamedia |
| 338 ## - TIPO DE SOPORTE |
| Nombre/término del tipo de soporte |
volumen |
| Código del tipo de soporte |
nc |
| Fuente |
rdacarrier |
| 490 0# - MENCIÓN DE SERIE |
| Mención de serie |
Coedición Latinoamericana |
| 505 ## - NOTA DE CONTENIDO CON FORMATO |
| Nota de contenido con formato |
Venezuela : Tía zorra y los peces -- Bolivia : ¡No se oye! -- Perú : El zorro y el Cuy -- México : Fanciquio -- Puerto Rico : Los siento pero no lo veo -- Chile : Antonio y el ladrón -- República Dominicana : El hombre que robó los chivos -- Brasil : La apuesta -- Nicaragua : La piedra de Cuapa -- Ecuador : El gigantón cabelludo : Colombia : Minisurumbullo y el dulce de Icaco -- Cuba : El león y el mosquito |
| 590 ## - NOTA LOCAL (RLIN) |
| Nota local |
Inventariado, 2023/VM |
| 650 ## - PUNTO DE ACCESO ADICIONAL DE MATERIA--TÉRMINO DE MATERIA |
| Término de materia o nombre geográfico como elemento de entrada |
Cuentos Infantiles latinoamericanos |
| Subdivisión de forma |
Colecciones |
| 700 1# - PUNTO DE ACCESO ADICIONAL--NOMBRE DE PERSONA |
| Nombre de persona |
Rivera Izcoa, Carmen |
| Término indicativo de función/relación |
editora |
| 700 1# - PUNTO DE ACCESO ADICIONAL--NOMBRE DE PERSONA |
| Nombre de persona |
Núñez de Patruco, Rosario |
| Término indicativo de función/relación |
ilustración |
| 910 ## - DATOS DE OPCIÓN DEL USUARIO (OCLC) |
| Datos de opción del usuario |
VMateo V. Control de calidad. BPMSU |
| 942 ## - ELEMENTOS DE PUNTO DE ACCESO ADICIONAL (KOHA) |
| Fuente del sistema de clasificación o colocación |
Dewey Decimal Classification |
| Tipo de ítem Koha |
Libros |